| 000 | 00785cam a2200253u 4500 | ||
|---|---|---|---|
| 001 | 6128505 | ||
| 003 | OSt | ||
| 005 | 20230704112145.0 | ||
| 008 | 821108s1964 ii b 000 0 eng | ||
| 010 | _asa 66005958 | ||
| 040 |
_aDLC _cCarP _dDLC |
||
| 043 |
_aa-ii--- _aa-pk--- |
||
| 050 | 0 | 0 |
_aDS485.K2 _bA548 |
| 082 |
_a341.23 _bKHA |
||
| 110 | 1 |
_aIndia (Republic) _bMinistry of External Affairs. [from old catalog] |
|
| 245 | 1 | 0 | _akashmir and the United Nations. |
| 260 |
_a[New Delhi, _c1964] |
||
| 300 |
_a26 p. _bfold. map. _c23 cm. |
||
| 651 | 0 |
_aKashmir _xPolitics and government. [from old catalog] |
|
| 651 | 0 |
_aIndia _xForeign relations _zPakistan. |
|
| 651 | 0 |
_aPakistan _xForeign relations _zIndia. |
|
| 906 |
_a0 _bcbc _cpremunv _du _encip _f19 _gy-gencatlg |
||
| 942 |
_2ddc _cBK |
||
| 999 |
_c3730 _d3730 |
||